Vật lý đại cương :Tập 1, Cơ - nhiệt.

Gorde:
Xehetasun bibliografikoak
Egile nagusia: Lương Duyên Bình chủ biên
Formatua: Liburua
Hizkuntza:Vietnamese
Argitaratua: Giáo Dục, 2004.
Gaiak:
Etiketak: Etiketa erantsi
Etiketarik gabe, Izan zaitez lehena erregistro honi etiketa jartzen!
Thư viện lưu trữ: Mạng thư viện Đại học Đà Nẵng
LEADER 01014nam a2200313 a 4500
001 000000346
003 01299
005 20220614092328.0
008 171229s2004 vie
040 |a LSK 
041 0 |a VIE 
082 0 |a 530.076  |b LƯ-B 
100 1 |a Lương Duyên Bình chủ biên 
245 0 0 |a Vật lý đại cương :Tập 1, Cơ - nhiệt. 
260 |b Giáo Dục,  |c 2004. 
300 |a 268 pages ;  |c 20,5 cm. 
653 |a Vật lý học - Đại cương 
852 |a Phòng Đọc - Phòng Mượn 
901 |a 68 
927 |a Giáo trình 
OWN |a LSK 
AVA |a UDN50  |b LSK  |d 530.076 LƯ-B  |e check_holdings  |t Error 5003 Not defined in file expand_doc_bib_avail.  |h N  |k 1 
999 |a From the UDN01 
AVA |a UDN50  |b LSK  |d 530.076 LƯ-B  |e available  |t Error 5001 Not defined in file expand_doc_bib_avail.  |f 68  |g 1  |h N  |i 45  |k 1 
TYP |a Monograph 
TYP |a Printed language 
980 |a Mạng thư viện Đại học Đà Nẵng